Every Main Villain In Every MCU Project - Statistics

General Stats
  • This quiz has been taken 30 times
    10 since last reset
  • The average score is 43 of 72
Answer Stats
% Correct
Phase Five (2023-2025) Ant-Man and the Wasp: Quantumania - Kang the Conqueror
100%
Phase One (2008-2012) Thor - Loki
100%
Phase One (2008-2012) The Avengers - Loki
100%
Phase Three (2016-2019) Spider-Man: Far From Home - Mysterio (Quentin Beck)
100%
Phase Three (2016-2019) Avengers: Infinity War - Thanos
100%
Phase Three (2016-2019) Avengers: Endgame - Thanos
100%
Phase Two (2013-2015) Avengers: Age of Ultron - Ultron
100%
Disney+ Series (2021-2025) Agatha All Along - Agatha Harkness
- Death
(Rio Vidal) - Salem Seven
88%
Phase Three (2016-2019) Captain America: Civil War - Baron Helmut Zemo
88%
Phase Three (2016-2019) Guardians of the Galaxy Vol. 2 - Ego the Living Planet
88%
Phase Four (2021-2022) Spider-Man: No Way Home - Green Goblin (Dr. Norman Osborn)
88%
Phase Three (2016-2019) Black Panther - Killmonger (N'Jadaka / Erik Stevens)
88%
Disney+ Series (2021-2025) Echo - Kingpin (Wilson Fisk)
88%
Disney+ Series (2021-2025) Hawkeye - Kingpin
(Wilson Fisk)
- Eleanor Bishop
88%
Phase Two (2013-2015) Thor: The Dark World - Malekith the Accursed
88%
Disney+ Series (2021-2025) Daredevil: Born Again - Muse (Bastian Cooper) - Kingpin (Wilson Fisk) - Bullseye (Benjamin "Dex" Pointdexter)
88%
Phase Four (2021-2022) Black Panther: Wakanda Forever - Namor the Sub-Mariner
88%
Phase One (2008-2012) Captain America: The First Avenger - Red Skull (Johann Schmidt)
88%
Phase Two (2013-2015) Guardians of the Galaxy - Ronan the Accuser
88%
Phase Four (2021-2022) Doctor Strange in the Multiverse of Madness - Scarlet Witch (Wanda Maximoff)
88%
Disney+ Series (2021-2025) Marvel Zombies - Scarlet Witch / Queen of the Death / Red Queen (Wanda Maximoff)
88%
Netflix Series (2015-2019) Daredevil - Season 1: Kingpin
(Wilson Fisk)
- Season 2: Nobu Yoshioka
- Season 3: Kingpin
(Wilson Fisk)
88%
Phase Four (2021-2022) Black Widow - Taskmaster
(Antonia Dreykov)
- General Dreykov
88%
Phase Three (2016-2019) Spider-Man: Homecoming - Vulture (Adrian Toomes)
88%
Phase Two (2013-2015) Captain America: The Winter Soldier - Winter Soldier
(Bucky Barnes)
- Hydra
88%
Phase Two (2013-2015) Ant-Man - Yellowjacket (Darren Cross)
88%
Phase One (2008-2012) The Incredible Hulk - Abomination (Emil Blonsky)
75%
Disney+ Series (2021-2025) WandaVision - Agatha Harkness
75%
Phase Six (2025-2027) The Fantastic Four: First Steps - Galactus
(Galan)
- Mole Man
(Harvey Rupert Elder)
75%
Phase Three (2016-2019) Ant-Man and the Wasp - Ghost (Ava Starr)
75%
Phase Four (2021-2022) Thor: Love and Thunder - Gorr the God Butcher
75%
Phase Three (2016-2019) Thor: Ragnarok - Hela
75%
Phase Four (2021-2022) Eternals - Ikaris - Kro - Arishem the Judge
75%
Phase Three (2016-2019) Doctor Strange - Kaecilius - Dormammu
75%
Phase Five (2023-2025) Guardians of the Galaxy Vol. 3 - The High Evolutionary
75%
Phase Five (2023-2025) Captain America: Brave New World - The Leader (Samuel Sterns) - Sidewinder (Seth Voelker) - Red Hulk (Thaddeus "Thunderbolt" Ross)
75%
Phase One (2008-2012) Iron Man 2 - Whiplash
(Ivan Vanko)
- Justin Hammer
75%
Phase Three (2016-2019) Captain Marvel - Yon-Rogg
75%
Phase Five (2023-2025) Deadpool & Wolverine - Cassandra Nova - Mr. Paradox
63%
Phase Two (2013-2015) Iron Man 3 - Dr. Aldrich Killian
63%
Phase One (2008-2012) Iron Man - Iron Monger (Obadiah Stane)
63%
Disney+ Series (2021-2025) Loki - Season 1: He Who Remains - Season 2: Ravonna Renslayer
63%
Disney+ Series (2021-2025) Ironheart - The Hood
(Parker Robbins)
- Mephisto - Joe McGillicuddy (Ezekiel Stane)
63%
Phase Four (2021-2022) Shang-Chi and the Legend of the Ten Rings - The Mandarin (Xu Wenwu)
63%
Disney+ Series (2021-2025) Moon Knight - Arthur Harrow - Ammit
50%
Phase Five (2023-2025) The Marvels - Dar-Benn
50%
Disney+ Series (2021-2025) The Falcon and the Winter Soldier - Flag Smasher (Karli Morgenthau)
50%
ABC Studios (2013-2020) Inhumans - Maximus the Mad
50%
Phase Five (2023-2025) Thunderbolts* - The Void (Robert "Bob" Reynolds) - Valentina Allegra de Fontaine
50%
Disney+ Series (2021-2025) She-Hulk: Attorney at Law - HulkKing (Todd Phelps)
38%
Disney+ Series (2021-2025) Your Friendly Neighborhood Spider-Man - Scorpion (Mac Gargan)
38%
Netflix Series (2015-2019) Luke Cage - Season 1: Diamondback (Willis Stryker) - Season 2: Bushmaster (John McIver)
38%
Netflix Series (2015-2019) The Punisher - Season 1: Jigsaw (William "Billy" Russo) - Season 2: Robert (John Pilgrim)
38%
ABC Studios (2013-2020) Agents of S.H.I.E.L.D. - Season 1: John Garrett - Season 2: Jiaying - Season 3: Hive (Alveus) - Season 4: AIDA - Season 5: Graviton (Glenn Talbot) - Season 6: Izel - Season7: Nathaniel Malick
38%
Netflix Series (2015-2019) The Defenders - Alexandra Reid
- The Hand
- Black Sky
(Elektra Natchios)
25%
Disney+ Series (2021-2025) Secret Invasion - Gravik
25%
Disney+ Series (2021-2025) Ms. Marvel - Najma - Sadie Deever
25%
Netflix Series (2015-2019) Iron Fist - Season 1: Harold Meachum
- Season 2: Steel Serpent
(Davos)
25%
Netflix Series (2015-2019) Jessica Jones - Season 1: Kilgrave
(Kevin Thompson)
- Season 2: Alisa Jones
- Season 3: Hellcat
(Patsy Walker)
25%
Disney+ Series (2021-2025) Eyes of Wakanda - The Lion (Nkati)
25%
Disney+ Specials (2022) Werewolf by Night - Verussa Bloodstone
25%
One-Shots (2011-2014) Agent Carter - The Zodiac - Zodiac Operative
13%
Disney+ Series (2021-2025) What If...? - Season 1: Infinite Ultron
- Season2: Supreme Strange
- Season3: The Eminence
13%
Disney+ Series (2021-2025) I Am Groot - Season 1: Iwua - Season 2: Killer Snowbot
13%
Hulu Series (2017-2020) The Runaways - Season 1: Magistrate
- Season 2: PRIDE
- Season 3: Morgan Le Fay
13%
Freeform Series (2018-2019) Cloak & Dagger - Season 1: Terrors - Season 2: D’Spayre
13%
One-Shots (2011-2014) A Funny Thing Happened on the Way to Thor's Hammer - Two Armed Robbers
13%
One-Shots (2011-2014) Item 47 - Bennie and Claire
0%
One-Shots (2011-2014) All Hail the King - Jackson Norriss- The Ten Rings
0%
Hulu Series (2017-2020) Helstrom - Kthara
0%
ABC Studios (2013-2020) Agent Carter - Season 1: Dr. Johann Fennhoff
(Ivchenko)
- Season 2: Whitney Frost
(Agnes Cully)
0%
ABC Studios (2013-2020) Agents of S.H.I.E.L.D.: Slingshot - Victor Ramon
0%
No matching quizzes found
Score Distribution
Percent of People with Each Score
Percentile by Number Answered
Your Score History
You have not taken this quiz since the last reset